| 000 | 00800nam a22002297a 4500 | ||
|---|---|---|---|
| 999 |
_c20873 _d20873 |
||
| 003 | AR-CdUCM | ||
| 008 | 190607b ||||| |||| 00| 0 spa d | ||
| 040 |
_aMUNICIPALIDAD PROVINCIAL DEL CUSCO _cBIBLIOTECA MUNICIPAL DEL CUSCO |
||
| 041 | _hfre | ||
| 082 |
_a137 / _bV63 _25ed. |
||
| 100 |
_aVignes Rouges,Jean Des _943571 |
||
| 245 | _aTu carácter / | ||
| 260 |
_aBarcelona : _bDaimon, _c1963. |
||
| 300 |
_a495 páginas ; _c20 cm. _bIlustraciones. |
||
| 440 |
_aColección de enciclopedias de la vida practica -- _n8 _943572 |
||
| 505 | _aContenido: Los tipos generales -- Estudio de la cabeza -- Estudio detallado del rostro... | ||
| 650 |
_aPsicología _91538 |
||
| 650 |
_aEl hombre _916004 |
||
| 700 |
_aMoreno, J. J. (traduccion) _943573 |
||
| 942 |
_2ddc _cLIBROS |
||
| 945 | _aJavier | ||